书目信息 |
| 题名: |
植物对空气污染的反应
|
|
| 作者: | 科兹洛夫斯基 , 马德 著 ;刘富林 译 | |
| 分册: | ||
| 出版信息: | 北京 科学出版社 1984.9 |
|
| 页数: | 335页 | |
| 开本: | 20cm | |
| 丛书名: | ||
| 单 册: | ||
| 中图分类: | X835 | |
| 科图分类: | ||
| 主题词: | 环境监测 | |
| 电子资源: | ||
| ISBN: | ||
| 000 | 00710nam0 2200229 45 | |
| 001 | 0312221749 | |
| 005 | 20060510171342.40 | |
| 010 | @dCNY2.00 | |
| 091 | @a13031.2650 | |
| 100 | @a20031222d1984 km y0chiy0120 ea | |
| 101 | @achi | |
| 105 | @aa z 000yy | |
| 200 | 1 | @a植物对空气污染的反应@AZhi Wu Dui Kong Qi Wu Ran De Fan Ying@f(美)J·B·马德,T·T·科兹洛夫斯基著@F(mei)J·B·ma de,T·T·ke zi luo fu si ji zhu@g刘富林译 |
| 210 | @a北京@c科学出版社@d1984.9 | |
| 215 | @a335页@c图表@d20cm | |
| 606 | 0 | @a环境监测 |
| 690 | @aX835@v3 | |
| 701 | 0 | @a科兹洛夫斯基@Ake zi luo fu si ji@4著 |
| 701 | 0 | @a马德@Ama de@4著 |
| 702 | 0 | @a刘富林@4译 |
| 801 | @aCN@bTSTCL@c20060510 | |
| 905 | @dX835@e8@f1@b127339 | |
| 植物对空气污染的反应/(美)J·B·马德,T·T·科兹洛夫斯基著/刘富林译.-北京:科学出版社,1984.9 |
| 335页:图表;20cm |
| ISBN :CNY2.00 |
| ● |
| 相关链接 |
|
|
|
|
正题名:植物对空气污染的反应
索取号:X835/8
 
预约/预借
| 序号 | 登录号 | 条形码 | 馆藏地/架位号 | 状态 | 备注 |
| 1 | 0127339 | 001486261 | 第三借阅区/ [索取号:X835/8] | 在馆 | |
| 2 | 0127340 | 202320853 | 密集书库/ [索取号:X835/8] | 在馆 | |
| 3 | 0127341 | 001486252 | 第二样本阅览室/ [索取号:X835/8] | 在馆 |